000 01082nab a2200193 i 4500
001 768714001
003 CO-MdFUSB
005 20240430085343.0
008 240429b sp ||||| |||| 00| 0 spa d
040 _bspa
_cCO-MdFUSB
_dCO-MdFUSB
041 _aspa
100 _aTorres Queiruga, Andrés‪,
_eautor
245 3 _aLa oración :
_bmás allá de la petición
_c/ Andrés Torres Queiruga
520 _aEste artículo menciona que teológicamente, el argumento busca establecer la unidad interna dentro de la fe en lugar de simplemente disociarla de la oración, al mismo tiempo que se esfuerza por realzar la autenticidad cristiana a través del mejoramiento de su práctica. No nos dice que dejemos de orar, sino que oremos mejor: no menos, sino "más" oración. Y cuestionando la letra del anuncio, simplemente quiere encontrar su espíritu.
650 7 _aOración
_986
650 7 _aFe
_9531
773 0 _049450
_960405
_oR0341
_tRevista internacional de teología Concilium
_w(CO-MdFUSB)8
_x0210-1041
_gNúmero 314, (febrero, 2006), páginas: 73 - 86
_qpágina: 73
942 _cANA
999 _c69431
_d69431